[Event "IND-chT 40th"]
[Site "Ahmedabad"]
[Date "2020.02.13"]
[Round "9.3"]
[White "Bakre, Tejas"]
[Black "Thejkumar, MS."]
[Result "1/2-1/2"]
[WhiteElo "2425"]
[BlackElo "2438"]
[PlyCount "61"]
[EventDate "2020.02.07"]
[EventType "team-swiss"]
[EventRounds "9"]
[EventCountry "IND"]
[SourceTitle "CBM 194 Extra"]
[Source "ChessBase"]
[SourceDate "2020.03.31"]
[SourceVersion "1"]
[SourceVersionDate "2020.03.31"]
[SourceQuality "1"]
[WhiteTeam "Air India"]
[BlackTeam "Railways SPB II"]
[WhiteTeamCountry "IND"]
[BlackTeamCountry "IND"]

1. d4 d5 2. c4 c6 3. Nf3 Nf6 4. cxd5 cxd5 5. Nc3 Nc6 6. Bf4 Bf5 7. e3 e6 8. Bd3 Bxd3 9. Qxd3 Bd6 10. Bxd6 Qxd6 11. 0-0 0-0 12. Rac1 Rac8 13. a3 a6 14. h3 g6 15. Ne2 Rc7 16. Rc2 Rfc8 17. Rfc1 Ne7 18. Rxc7 Rxc7 19. Rxc7 Qxc7 20. Qc3 Qxc3 21. Nxc3 Nd7 22. Kf1 Kf8 23. Ke2 Nc6 24. g4 h6 25. Nd2 Ke7 26. b4 Nb6 27. f4 f5 28. gxf5 gxf5 29. Kd3 Kd6 30. Ne2 Na7 31. Nc3 1/2-1/2

[Event "IND-chT 40th"]
[Site "Ahmedabad"]
[Date "2020.02.10"]
[Round "5.4"]
[White "Baivab, Mishra"]
[Black "Bakre, Tejas"]
[Result "1-0"]
[WhiteElo "2206"]
[BlackElo "2425"]
[PlyCount "63"]
[EventDate "2020.02.07"]
[EventType "team-swiss"]
[EventRounds "9"]
[EventCountry "IND"]
[SourceTitle "CBM 194 Extra"]
[Source "ChessBase"]
[SourceDate "2020.03.31"]
[SourceVersion "1"]
[SourceVersionDate "2020.03.31"]
[SourceQuality "1"]
[WhiteTeam "Odisha"]
[BlackTeam "Air India"]
[WhiteTeamCountry "IND"]
[BlackTeamCountry "IND"]

1. e4 c5 2. Nf3 d6 3. d4 cxd4 4. Nxd4 Nf6 5. Nc3 Nc6 6. Bg5 e6 7. Qd2 a6 8. 0-0-0 Bd7 9. f4 b5 10. Bxf6 gxf6 11. Kb1 Qb6 12. Nxc6 Bxc6 13. f5 Qc5 14. fxe6 fxe6 15. Bd3 Be7 16. Rhf1 Kd7 17. Ne2 Rhg8 18. Nf4 Rg5 19. g3 a5 20. Qg2 Qe5 21. Qh3 a4 22. a3 b4 23. Bc4 bxa3 24. Nd3 Qxe4 25. Rf4 Qg6 26. Qxe6+ Kd8 27. Rd4 Bd7 28. Rxd6 Bxd6 29. Qxd6 f5 30. Qf8+ Qe8 31. Qf6+ Qe7 32. Qb6+ 1-0

[Event "IND-chT 40th"]
[Site "Ahmedabad"]
[Date "2020.02.08"]
[Round "3.2"]
[White "Bakre, Tejas"]
[Black "Swapnil, S Dhopade"]
[Result "1/2-1/2"]
[WhiteElo "2425"]
[BlackElo "2495"]
[PlyCount "83"]
[EventDate "2020.02.07"]
[EventType "team-swiss"]
[EventRounds "9"]
[EventCountry "IND"]
[SourceTitle "CBM 194 Extra"]
[Source "ChessBase"]
[SourceDate "2020.03.31"]
[SourceVersion "1"]
[SourceVersionDate "2020.03.31"]
[SourceQuality "1"]
[WhiteTeam "Air India"]
[BlackTeam "Railways SPB"]
[WhiteTeamCountry "IND"]
[BlackTeamCountry "IND"]

1. d4 Nf6 2. Bf4 d5 3. e3 e6 4. Nd2 c5 5. c3 Bd6 6. Bg3 Qc7 7. Ngf3 Nbd7 8. Bb5 0-0 9. 0-0 Bxg3 10. hxg3 a6 11. Bxd7 Bxd7 12. Ne5 Bb5 13. Re1 Nd7 14. Ndf3 Nxe5 15. Nxe5 a5 16. Rc1 Rfd8 17. Qg4 Ra6 18. Qf4 f6 19. Nf3 Rc6 20. e4 Qxf4 21. gxf4 dxe4 22. Rxe4 Bc4 23. dxc5 Bxa2 24. Ra4 Bd5 25. Rxa5 Rdc8 26. b4 b6 27. cxb6 Rxb6 28. b5 Rc5 29. Nd2 Rcxb5 30. Rxb5 Rxb5 31. c4 Rc5 32. Re1 Bc6 33. Rxe6 Kf7 34. Rd6 Ke7 35. Rd4 Ra5 36. f3 h5 37. Kf2 h4 38. f5 h3 39. g4 Ra2 40. Kg3 h2 41. Kxh2 Bxf3 42. Kg3 1/2-1/2

[Event "IND-ch 57th"]
[Site "Majitar"]
[Date "2019.12.18"]
[Round "10"]
[White "Bakre, Tejas"]
[Black "Ojas, Kulkarni"]
[Result "1/2-1/2"]
[WhiteElo "2445"]
[BlackElo "2246"]
[PlyCount "61"]
[EventDate "2019.12.10"]
[EventType "swiss"]
[EventRounds "11"]
[EventCountry "IND"]
[SourceTitle "CBM 193 Extra"]
[Source "ChessBase"]
[SourceDate "2020.01.31"]
[SourceVersion "1"]
[SourceVersionDate "2020.01.31"]
[SourceQuality "1"]

1. c4 e5 2. g3 Nf6 3. Bg2 d5 4. cxd5 Nxd5 5. Nc3 Ne7 6. Nf3 Nbc6 7. 0-0 g6 8. b4 a6 9. Rb1 Bg7 10. a4 0-0 11. d3 b6 12. b5 Na5 13. Ba3 Bb7 14. Qc2 Re8 15. Rfc1 Nf5 16. Ne4 axb5 17. Qxc7 Nc4 18. Rxc4 bxc4 19. Qxb7 Rxa4 20. Bb4 Qa8 21. Qd7 Rd8 22. Qb5 cxd3 23. exd3 Ra1 24. Bc3 Rxb1+ 25. Qxb1 Qb8 26. Qb5 Nd6 27. Nxd6 Qxd6 28. Nxe5 Qc7 29. Bb2 Qc5 30. Qxc5 bxc5 31. Bf1 1/2-1/2

[Event "IND-ch 57th"]
[Site "Majitar"]
[Date "2019.12.17"]
[Round "9"]
[White "Saravana, Krishnan P"]
[Black "Bakre, Tejas"]
[Result "1-0"]
[WhiteElo "2304"]
[BlackElo "2445"]
[PlyCount "81"]
[EventDate "2019.12.10"]
[EventType "swiss"]
[EventRounds "11"]
[EventCountry "IND"]
[SourceTitle "CBM 193 Extra"]
[Source "ChessBase"]
[SourceDate "2020.01.31"]
[SourceVersion "1"]
[SourceVersionDate "2020.01.31"]
[SourceQuality "1"]

1. e4 c5 2. Nf3 d6 3. Bc4 Nf6 4. Qe2 Nc6 5. c3 Bg4 6. d3 e6 7. Nbd2 Be7 8. h3 Bh5 9. Bb3 d5 10. Ba4 Qc7 11. g4 Bg6 12. h4 h5 13. g5 Ng4 14. b3 0-0 15. Bxc6 bxc6 16. c4 f6 17. Bb2 fxg5 18. hxg5 dxe4 19. dxe4 Rad8 20. 0-0-0 Qf4 21. Nh4 Be8 22. Nhf3 Rxd2 23. Nxd2 Nxf2 24. Rdf1 Bxg5 25. Rhg1 Bh6 26. Rg2 Qxd2+ 27. Qxd2 Bxd2+ 28. Kxd2 Nxe4+ 29. Ke2 g5 30. Rxf8+ Kxf8 31. Bc1 h4 32. Bxg5 h3 33. Bh6+ Ke7 34. Rh2 Bh5+ 35. Ke3 Nc3 36. Bg7 Nd1+ 37. Kf4 Bg6 38. Rd2 Bh5 39. Be5 Kf7 40. Kg5 Bf3 41. Rd3 1-0

[Event "IND-ch 57th"]
[Site "Majitar"]
[Date "2019.12.16"]
[Round "8"]
[White "Bakre, Tejas"]
[Black "Harshad, S."]
[Result "1/2-1/2"]
[WhiteElo "2445"]
[BlackElo "2291"]
[PlyCount "57"]
[EventDate "2019.12.10"]
[EventType "swiss"]
[EventRounds "11"]
[EventCountry "IND"]
[SourceTitle "CBM 193 Extra"]
[Source "ChessBase"]
[SourceDate "2020.01.31"]
[SourceVersion "1"]
[SourceVersionDate "2020.01.31"]
[SourceQuality "1"]

1. Nf3 d5 2. c4 d4 3. g3 c5 4. Bg2 Nc6 5. 0-0 e5 6. d3 Bd6 7. e3 Nge7 8. exd4 cxd4 9. Na3 0-0 10. Nc2 f6 11. Rb1 a5 12. b3 Be6 13. a3 Rb8 14. b4 b5 15. c5 Bc7 16. bxa5 Nd5 17. Bd2 Bxa5 18. Nb4 Bxb4 19. axb4 Ra8 20. Ne1 Qd7 21. Nc2 Ra4 22. Qf3 Nce7 23. Rfc1 Bg4 24. Qe4 Bf5 25. Qf3 Bg4 26. Qe4 Bf5 27. Qf3 Bg4 28. Qe4 Bf5 29. Qf3 1/2-1/2

[Event "IND-chT 39th"]
[Site "Kolkata"]
[Date "2019.02.10"]
[Round "8.2"]
[White "Sidhant, Mohapatra"]
[Black "Bakre, Tejas"]
[Result "1/2-1/2"]
[WhiteElo "2330"]
[BlackElo "2443"]
[PlyCount "20"]
[EventDate "2019.02.07"]
[EventType "team-swiss"]
[EventRounds "9"]
[EventCountry "IND"]
[SourceTitle "CBM 188 Extra"]
[Source "ChessBase"]
[SourceDate "2019.02.26"]
[SourceVersion "1"]
[SourceVersionDate "2019.02.26"]
[SourceQuality "1"]
[WhiteTeam "All Orissa CA"]
[BlackTeam "Air India"]
[WhiteTeamCountry "IND"]
[BlackTeamCountry "IND"]

1. e4 c5 2. Nf3 d6 3. c3 Nf6 4. h3 Nbd7 5. Bd3 b6 6. 0-0 Bb7 7. Re1 g6 8. Bc2 Bg7 9. d4 0-0 10. a4 Rc8 1/2-1/2

[Event "Commonwealth-ch"]
[Site "New Delhi"]
[Date "2018.07.03"]
[Round "9"]
[White "Wagh, Suyog"]
[Black "Bakre, Tejas"]
[Result "0-1"]
[WhiteElo "2289"]
[BlackElo "2439"]
[PlyCount "112"]
[EventDate "2018.06.26"]
[EventType "swiss"]
[EventRounds "9"]
[EventCountry "IND"]
[SourceTitle "CBM 185 Extra"]
[Source "ChessBase"]
[SourceDate "2018.07.29"]
[SourceVersion "1"]
[SourceVersionDate "2018.07.29"]
[SourceQuality "1"]

1. d4 d5 2. Nf3 Nf6 3. g3 c6 4. Bg2 Bf5 5. 0-0 e6 6. c4 Nbd7 7. Nc3 dxc4 8. Nh4 Bg4 9. h3 Bh5 10. g4 Nd5 11. Nf5 exf5 12. gxh5 N7f6 13. Nxd5 Nxd5 14. Qc2 g6 15. Qxc4 Bg7 16. Qc5 Qe7 17. Qxe7+ Kxe7 18. hxg6 hxg6 19. e3 Nf6 20. Rd1 Ne4 21. Kf1 Rad8 22. f3 Ng3+ 23. Kf2 f4 24. Bd2 Nf5 25. Bf1 c5 26. exf4 Bxd4+ 27. Kg2 b6 28. Rab1 Rh5 29. b4 Nh4+ 30. Kg3 Rhd5 31. bxc5 Nf5+ 32. Kh2 Be3 33. Bb4 Rxd1 34. cxb6+ R1d6 35. b7 Bxf4+ 36. Kg2 Ne3+ 37. Kf2 Nxf1 38. Kxf1 Kd7 39. Bxd6 Bxd6 40. a4 a5 41. Rb5 Bc7 42. Rd5+ Ke7 43. Rc5 Kd6 44. Rb5 Rb8 45. f4 f5 46. h4 Ke6 47. Kf2 Bxf4 48. Rxa5 Rxb7 49. Ra6+ Kf7 50. a5 Rb3 51. h5 gxh5 52. Rc6 Ra3 53. a6 h4 54. Kg1 h3 55. Kf2 h2 56. Kg2 Ra2+ 0-1

[Event "Commonwealth-ch"]
[Site "New Delhi"]
[Date "2018.06.30"]
[Round "5"]
[White "Akash, G."]
[Black "Bakre, Tejas"]
[Result "1-0"]
[WhiteElo "2391"]
[BlackElo "2439"]
[PlyCount "27"]
[EventDate "2018.06.26"]
[EventType "swiss"]
[EventRounds "9"]
[EventCountry "IND"]
[SourceTitle "CBM 185 Extra"]
[Source "ChessBase"]
[SourceDate "2018.07.29"]
[SourceVersion "1"]
[SourceVersionDate "2018.07.29"]
[SourceQuality "1"]

1. e4 e5 2. Nf3 Nc6 3. Bb5 a6 4. Ba4 Nf6 5. d3 d6 6. 0-0 b5 7. Bb3 Na5 8. c4 bxc4 9. Ba4+ Bd7 10. Bg5 cxd3 11. Bxd7+ Qxd7 12. Qxd3 Be7 13. Bxf6 Bxf6 14. Qd5 1-0

[Event "Commonwealth-ch"]
[Site "New Delhi"]
[Date "2018.06.29"]
[Round "4"]
[White "Bakre, Tejas"]
[Black "Doshi, Moksh Amitbhai"]
[Result "1-0"]
[WhiteElo "2439"]
[BlackElo "2203"]
[PlyCount "69"]
[EventDate "2018.06.26"]
[EventType "swiss"]
[EventRounds "9"]
[EventCountry "IND"]
[SourceTitle "CBM 185 Extra"]
[Source "ChessBase"]
[SourceDate "2018.07.29"]
[SourceVersion "1"]
[SourceVersionDate "2018.07.29"]
[SourceQuality "1"]

1. c4 e5 2. g3 c6 3. Bg2 d5 4. cxd5 cxd5 5. d4 e4 6. Nc3 Nf6 7. Bg5 Nbd7 8. f3 exf3 9. Nxf3 Be7 10. Ne5 Nxe5 11. dxe5 Ng4 12. Bxe7 Qxe7 13. Nxd5 Qxe5 14. Qa4+ Bd7 15. Qb4 Bc6 16. Qxg4 Bxd5 17. Qa4+ Ke7 18. Qb4+ Ke6 19. 0-0 Bxg2 20. Kxg2 f5 21. Qb3+ Kf6 22. Qxb7 Rhe8 23. Qc6+ Kf7 24. Qc4+ Kg6 25. Qc6+ Kf7 26. Qd7+ Kg6 27. Rac1 Qxe2+ 28. Rf2 Qe4+ 29. Kg1 Re6 30. Rc7 Qe1+ 31. Kg2 Qe4+ 32. Rf3 Qe2+ 33. Kh3 Qxf3 34. Qxe6+ Kh5 35. Qf7+ 1-0

[Event "Ordu op 4th"]
[Site "Ordu"]
[Date "2018.04.14"]
[Round "7"]
[White "Csonka, Balazs"]
[Black "Bakre, Tejas"]
[Result "1/2-1/2"]
[WhiteElo "2453"]
[BlackElo "2427"]
[PlyCount "60"]
[EventDate "2018.04.10"]
[EventType "swiss"]
[EventRounds "9"]
[EventCountry "TUR"]
[SourceTitle "CBM 183 Extra"]
[Source "ChessBase"]
[SourceDate "2018.04.19"]
[SourceVersion "1"]
[SourceVersionDate "2018.04.19"]
[SourceQuality "1"]

1. d4 d5 2. c4 dxc4 3. Nf3 Nf6 4. e3 e6 5. Bxc4 c5 6. 0-0 a6 7. dxc5 Bxc5 8. Qxd8+ Kxd8 9. Be2 Ke7 10. Ne5 Nbd7 11. Nd3 Bd6 12. Nd2 Nc5 13. Nxc5 Bxc5 14. Nb3 Bd6 15. Bd2 Ne4 16. Ba5 Bd7 17. Rfd1 Bb5 18. Bf3 f5 19. Nd4 Rhc8 20. Bxe4 fxe4 21. Nxb5 axb5 22. Bc3 g6 23. g3 b4 24. Bf6+ Kxf6 25. Rxd6 b3 26. a4 b5 27. a5 Rc2 28. Rb6 Rxb2 29. Rxb5 Ra2 30. Rb1 R8xa5 1/2-1/2

[Event "IND-chT 38th"]
[Site "Bhubaneswar"]
[Date "2018.02.11"]
[Round "6.5"]
[White "Bakre, Tejas"]
[Black "Barath, Kalyan M"]
[Result "1/2-1/2"]
[WhiteElo "2444"]
[BlackElo "2127"]
[PlyCount "78"]
[EventDate "2018.02.08"]
[EventType "team-swiss"]
[EventRounds "9"]
[EventCountry "IND"]
[SourceTitle "CBM 182 Extra"]
[Source "ChessBase"]
[SourceDate "2018.02.23"]
[SourceVersion "1"]
[SourceVersionDate "2018.02.23"]
[SourceQuality "1"]
[WhiteTeam "Air India"]
[BlackTeam "Tamil Nadu"]
[WhiteTeamCountry "IND"]
[BlackTeamCountry "IND"]

1. e4 c5 2. Nf3 e6 3. d4 cxd4 4. Nxd4 a6 5. Bd3 Nc6 6. Nxc6 dxc6 7. Nd2 e5 8. Nc4 Nf6 9. Bd2 Bc5 10. 0-0 Bg4 11. Qe1 Qe7 12. Bc3 Nd7 13. b4 Ba7 14. Kh1 0-0 15. f4 exf4 16. Rxf4 Be6 17. e5 Rfd8 18. Nd6 Nf8 19. Qe4 Bb8 20. Nf5 Qd7 21. Raf1 Ng6 22. R4f2 Qd5 23. Ne7+ Nxe7 24. Qxh7+ Kf8 25. Rxf7+ Bxf7 26. e6 Qxe6 27. Qh8+ Ng8 28. Qxg7+ Ke8 29. Re1 Qxe1+ 30. Bxe1 Bd6 31. Bg6 Bxg6 32. Qxg8+ Kd7 33. Qxg6 Re8 34. Bg3 Bxg3 35. Qxg3 Rad8 36. h4 Kc8 37. Kh2 Rg8 38. Qe5 Rde8 39. Qd6 Re2 1/2-1/2

[Event "IND-chT 38th"]
[Site "Bhubaneswar"]
[Date "2018.02.10"]
[Round "4.1"]
[White "Gopal, Geetha Narayanan"]
[Black "Bakre, Tejas"]
[Result "1-0"]
[WhiteElo "2593"]
[BlackElo "2444"]
[PlyCount "47"]
[EventDate "2018.02.08"]
[EventType "team-swiss"]
[EventRounds "9"]
[EventCountry "IND"]
[SourceTitle "CBM 182 Extra"]
[Source "ChessBase"]
[SourceDate "2018.02.23"]
[SourceVersion "1"]
[SourceVersionDate "2018.02.23"]
[SourceQuality "1"]
[WhiteTeam "Petroleum Sports"]
[BlackTeam "Air India"]
[WhiteTeamCountry "IND"]
[BlackTeamCountry "IND"]

1. e4 c5 2. Nf3 d6 3. d4 cxd4 4. Nxd4 Nf6 5. Nc3 g6 6. Be3 Bg7 7. f3 0-0 8. Qd2 Nc6 9. 0-0-0 d5 10. Qe1 e5 11. Nxc6 bxc6 12. exd5 Nxd5 13. Bc4 Be6 14. Kb1 Rb8 15. Ne4 f5 16. Bxa7 fxe4 17. Bxb8 Qxb8 18. fxe4 Nc7 19. Qc3 Kh8 20. Bxe6 Nxe6 21. Qc4 Nd4 22. Rhf1 Qc8 23. c3 Ne6 24. a4 1-0

[Event "Runavik op"]
[Site "Runavik"]
[Date "2017.11.24"]
[Round "6"]
[White "Bakre, Tejas"]
[Black "Ulybin, Mikhail"]
[Result "0-1"]
[WhiteElo "2456"]
[BlackElo "2528"]
[PlyCount "88"]
[EventDate "2017.11.20"]
[EventType "swiss"]
[EventRounds "9"]
[EventCountry "FAI"]
[SourceTitle "CBM 181 Extra"]
[Source "ChessBase"]
[SourceDate "2017.12.12"]
[SourceVersion "1"]
[SourceVersionDate "2017.12.12"]
[SourceQuality "1"]

1. Nf3 d5 2. d4 c5 3. c4 Nf6 4. cxd5 cxd4 5. Qxd4 Qxd5 6. Nc3 Qxd4 7. Nxd4 a6 8. g3 e5 9. Nb3 Be6 10. Bg2 Nc6 11. Be3 Bb4 12. 0-0 Bxc3 13. bxc3 Bd5 14. Rfd1 0-0-0 15. Bb6 Rd7 16. e4 Be6 17. Nc5 Rxd1+ 18. Rxd1 Bxa2 19. Bh3+ Kb8 20. Bd7 Na7 21. f4 exf4 22. gxf4 Nc8 23. Ba5 Ka7 24. e5 Nd5 25. Rd2 Bc4 26. Rd4 Ncb6 27. f5 Nxd7 28. Nxd7 Rc8 29. e6 fxe6 30. Ne5 Bb3 31. fxe6 b6 32. c4 Nc7 33. e7 bxa5 34. Rd8 Kb7 35. c5 Ne8 36. c6+ Kb8 37. Rd7 Ba4 38. Rb7+ Ka8 39. Rb6 Rc7 40. Rxa6+ Ra7 41. Rb6 Rxe7 42. Ra6+ Ra7 43. Rb6 Nf6 44. Rb2 Rc7 0-1

[Event "IND-ch Challengers 55th"]
[Site "Ahmedabad"]
[Date "2017.08.14"]
[Round "3"]
[White "Jayakumaar, S."]
[Black "Bakre, Tejas"]
[Result "1/2-1/2"]
[WhiteElo "2197"]
[BlackElo "2464"]
[PlyCount "51"]
[EventDate "2017.08.13"]
[EventType "swiss"]
[EventRounds "13"]
[EventCountry "IND"]
[SourceTitle "CBM 180 Extra"]
[Source "ChessBase"]
[SourceDate "2017.10.06"]
[SourceVersion "1"]
[SourceVersionDate "2017.10.06"]
[SourceQuality "1"]

1. d4 Nf6 2. Nc3 d5 3. Bf4 g6 4. Qd2 Bg7 5. Bh6 0-0 6. Bxg7 Kxg7 7. 0-0-0 c6 8. h4 h5 9. f3 b5 10. e3 Nbd7 11. Nh3 Nb6 12. Bd3 a5 13. Ne2 b4 14. e4 dxe4 15. fxe4 e5 16. Rdf1 Ng4 17. Ng3 Qxd4 18. Nxh5+ Kh8 19. Nf6 Na4 20. Qg5 Qxb2+ 21. Kd2 Nc5 22. Nxg4 Bxg4 23. Qh6+ Kg8 24. Ng5 Qc3+ 25. Ke3 Qd4+ 26. Kd2 1/2-1/2

[Event "Montreal Mont Royal op"]
[Site "Montreal"]
[Date "2017.07.28"]
[Round "7"]
[White "Rodrigue Lemieux, Shawn"]
[Black "Bakre, Tejas"]
[Result "0-1"]
[WhiteElo "2118"]
[BlackElo "2449"]
[PlyCount "62"]
[EventDate "2017.07.22"]
[EventType "swiss"]
[EventRounds "9"]
[EventCountry "CAN"]
[SourceTitle "CBM 179 Extra"]
[Source "ChessBase"]
[SourceDate "2017.08.23"]
[SourceVersion "1"]
[SourceVersionDate "2017.08.23"]
[SourceQuality "1"]

1. e4 c5 2. Nf3 Nc6 3. d4 cxd4 4. Nxd4 Nf6 5. Nc3 d6 6. g3 g6 7. Bg2 Bd7 8. 0-0 Bg7 9. Nde2 0-0 10. h3 Qc8 11. Kh2 Rd8 12. Be3 Ne5 13. Bd4 Nc4 14. Nd5 Nxd5 15. Bxg7 Nde3 16. fxe3 Kxg7 17. b3 Ne5 18. Qd2 b5 19. Nf4 Bc6 20. Nd3 Qb7 21. Qc3 f6 22. Nf4 Rdc8 23. Qd4 f5 24. Nd3 Bxe4 25. Nxe5 Bxg2 26. Rf2 Be4 27. Ng4+ e5 28. Qxd6 fxg4 29. Raf1 Re8 30. Qf6+ Kg8 31. hxg4 Qe7 0-1

[Event "Montreal Mont Royal op"]
[Site "Montreal"]
[Date "2017.07.26"]
[Round "5"]
[White "Bakre, Tejas"]
[Black "Chiku Ratte, Olivier Kenta"]
[Result "1/2-1/2"]
[WhiteElo "2449"]
[BlackElo "2344"]
[PlyCount "70"]
[EventDate "2017.07.22"]
[EventType "swiss"]
[EventRounds "9"]
[EventCountry "CAN"]
[SourceTitle "CBM 179 Extra"]
[Source "ChessBase"]
[SourceDate "2017.08.23"]
[SourceVersion "1"]
[SourceVersionDate "2017.08.23"]
[SourceQuality "1"]

1. d4 Nf6 2. Bg5 c5 3. Nc3 Qa5 4. Bxf6 gxf6 5. d5 f5 6. e3 Bg7 7. Nge2 0-0 8. g3 b5 9. Qd2 d6 10. Nf4 b4 11. Nd1 Nd7 12. Nh5 Ne5 13. Be2 Ba6 14. Nxg7 Bxe2 15. Qxe2 Kxg7 16. f4 Ng6 17. Qd3 e6 18. dxe6 fxe6 19. Qxd6 Rad8 20. Qc6 b3+ 21. c3 bxa2 22. 0-0 Qb6 23. Qxb6 axb6 24. Rxa2 Rd3 25. Ra7+ Rf7 26. Ra6 Rfd7 27. Nf2 Rxe3 28. Rxb6 Rd2 29. Nh3 Ree2 30. Rf2 Rxf2 31. Nxf2 e5 32. Nh3 h6 33. Rb7+ Kf6 34. Rb6+ Kg7 35. Rb7+ Kf6 1/2-1/2

[Event "Montreal Mont Royal op"]
[Site "Montreal"]
[Date "2017.07.23"]
[Round "2"]
[White "Saha, Ananda"]
[Black "Bakre, Tejas"]
[Result "0-1"]
[WhiteElo "2029"]
[BlackElo "2449"]
[PlyCount "86"]
[EventDate "2017.07.22"]
[EventType "swiss"]
[EventRounds "9"]
[EventCountry "CAN"]
[SourceTitle "CBM 179 Extra"]
[Source "ChessBase"]
[SourceDate "2017.08.23"]
[SourceVersion "1"]
[SourceVersionDate "2017.08.23"]
[SourceQuality "1"]

1. d4 Nf6 2. Nf3 d5 3. c4 e6 4. Nc3 Bb4 5. e3 0-0 6. a3 Bxc3+ 7. bxc3 c5 8. Bd3 Nc6 9. 0-0 Qc7 10. Qe2 Na5 11. Nd2 b6 12. f3 e5 13. cxd5 Nxd5 14. Bb2 Re8 15. Be4 Bb7 16. c4 exd4 17. cxd5 f5 18. d6 Qf7 19. Bxb7 Nxb7 20. e4 Nxd6 21. Qd3 Rad8 22. Rac1 Re7 23. Nc4 Nxc4 24. Rxc4 Rde8 25. Rc2 fxe4 26. fxe4 Qg6 27. Rcf2 Qxe4 28. Qb3+ Qe6 29. Qf3 h6 30. Bc1 c4 31. Qg3 Kh7 32. Rf4 Rd7 33. h4 c3 34. Qd3+ Qg6 35. Qb5 Red8 36. h5 Qc2 37. R4f2 Qe4 38. Rf4 Rd5 39. Qc6 Qe8 40. Qb7 Qd7 41. Qa6 d3 42. Rf7 Qg4 43. R7f4 Qxh5 0-1

[Event "Commonwealth-ch"]
[Site "New Delhi"]
[Date "2017.07.10"]
[Round "9"]
[White "Thejkumar, MS."]
[Black "Bakre, Tejas"]
[Result "0-1"]
[WhiteElo "2491"]
[BlackElo "2449"]
[PlyCount "96"]
[EventDate "2017.07.03"]
[EventType "swiss"]
[EventRounds "9"]
[EventCountry "IND"]
[SourceTitle "CBM 179 Extra"]
[Source "ChessBase"]
[SourceDate "2017.08.23"]
[SourceVersion "1"]
[SourceVersionDate "2017.08.23"]
[SourceQuality "1"]

1. d4 d5 2. c4 c6 3. Nf3 Nf6 4. Qc2 dxc4 5. Qxc4 Bg4 6. Nbd2 Nbd7 7. g3 e6 8. Bg2 Be7 9. 0-0 Bh5 10. b3 0-0 11. Bb2 Rc8 12. Rac1 c5 13. Qb5 Rc7 14. dxc5 a6 15. Qa5 Bxc5 16. Bxf6 gxf6 17. b4 b6 18. Qa4 Be7 19. a3 Nb8 20. Qb3 Qc8 21. Qb2 Rd8 22. Rxc7 Qxc7 23. Rc1 Qd7 24. Nc4 Qc7 25. Ncd2 Qd7 26. Nc4 Qc7 27. Ne3 Qd7 28. h4 Bg6 29. g4 Rc8 30. h5 Rxc1+ 31. Qxc1 Be4 32. Ne5 fxe5 33. Bxe4 Bg5 34. Qc2 h6 35. Nc4 Qc7 36. Qd3 Nd7 37. Nd6 Nf6 38. Bf3 Bh4 39. Kg2 b5 40. e3 Qc1 41. Ne4 Nxe4 42. Bxe4 Qb2 43. Qc2 Qxa3 44. Bf3 Qxb4 45. Kh3 Bf6 46. Qc8+ Kg7 47. Qxa6 Qb2 48. Kg3 Bh4+ 0-1

[Event "Commonwealth-ch"]
[Site "New Delhi"]
[Date "2017.07.06"]
[Round "5"]
[White "Grover, Sahaj"]
[Black "Bakre, Tejas"]
[Result "0-1"]
[WhiteElo "2484"]
[BlackElo "2449"]
[PlyCount "65"]
[EventDate "2017.07.03"]
[EventType "swiss"]
[EventRounds "9"]
[EventCountry "IND"]
[SourceTitle "CBM 179 Extra"]
[Source "ChessBase"]
[SourceDate "2017.08.23"]
[SourceVersion "1"]
[SourceVersionDate "2017.08.23"]
[SourceQuality "1"]

1. e4 e5 2. Nf3 Nc6 3. Bb5 a6 4. Ba4 Nf6 5. 0-0 Be7 6. d3 b5 7. Bb3 d6 8. c3 0-0 9. Nbd2 Na5 10. Bc2 c5 11. a4 Bd7 12. d4 cxd4 13. cxd4 Nc6 14. b3 exd4 15. Bb2 Qb6 16. h3 Nh5 17. e5 dxe5 18. Nxe5 Nxe5 19. Qxh5 Ng6 20. a5 Qb7 21. f4 Rac8 22. Bd3 f5 23. Rf2 Rc3 24. Qe2 Bh4 25. Bxc3 Bxf2+ 26. Qxf2 dxc3 27. Nf1 Bc6 28. Re1 b4 29. Bc4+ Bd5 30. Qe2 Qa7+ 31. Qe3 Qxe3+ 32. Nxe3 Bxc4 33. Nxc4 0-1

[Event "IND-chT 37th"]
[Site "Bhopal"]
[Date "2017.02.06"]
[Round "7.4"]
[White "Bakre, Tejas"]
[Black "Sekar, B."]
[Result "1/2-1/2"]
[WhiteElo "2457"]
[BlackElo "2214"]
[PlyCount "49"]
[EventDate "2017.02.02"]
[EventType "team-swiss"]
[EventRounds "9"]
[EventCountry "IND"]
[SourceTitle "CBM 176 Extra"]
[Source "ChessBase"]
[SourceDate "2017.03.02"]
[SourceVersion "1"]
[SourceVersionDate "2017.03.02"]
[SourceQuality "1"]
[WhiteTeam "Air India"]
[BlackTeam "Viyugam CA"]
[WhiteTeamCountry "IND"]
[BlackTeamCountry "IND"]

1. c4 Nf6 2. Nc3 e6 3. e4 d5 4. cxd5 exd5 5. e5 Ne4 6. d4 Bb4 7. Qa4+ Nc6 8. Bb5 0-0 9. Nge2 Nxd4 10. Nxd4 c5 11. Nde2 d4 12. 0-0 dxc3 13. a3 Nd2 14. axb4 Nxf1 15. Qc2 cxb2 16. Qxb2 Nxh2 17. bxc5 Ng4 18. Bf4 Qe7 19. Rc1 Bd7 20. Bd3 Rac8 21. Qxb7 Rxc5 22. Rd1 Nxe5 23. Ba6 Ng4 24. Nc3 Qf6 25. Ne4 1/2-1/2

[Event "IND-chT 37th"]
[Site "Bhopal"]
[Date "2017.02.02"]
[Round "1.4"]
[White "Bakre, Tejas"]
[Black "Yudhveer, Singh"]
[Result "1-0"]
[WhiteElo "2457"]
[BlackElo "1408"]
[PlyCount "61"]
[EventDate "2017.02.02"]
[EventType "team-swiss"]
[EventRounds "9"]
[EventCountry "IND"]
[SourceTitle "CBM 176 Extra"]
[Source "ChessBase"]
[SourceDate "2017.03.02"]
[SourceVersion "1"]
[SourceVersionDate "2017.03.02"]
[SourceQuality "1"]
[WhiteTeam "Air India"]
[BlackTeam "Punjab State"]
[WhiteTeamCountry "IND"]
[BlackTeamCountry "IND"]

1. Nf3 d5 2. d4 g6 3. c4 Nf6 4. cxd5 Bg7 5. Qa4+ Qd7 6. Qxd7+ Nbxd7 7. Nc3 Nb6 8. e4 Bd7 9. Be2 0-0 10. a4 a5 11. Ne5 Rfd8 12. Be3 Be8 13. 0-0 Nfd7 14. Nf3 Nb8 15. Rfc1 Rc8 16. Ne5 N6d7 17. Bg4 Rd8 18. f4 Nxe5 19. fxe5 c6 20. Rf1 h6 21. Be2 Na6 22. Bc4 Nb4 23. Rf2 Rac8 24. b3 c5 25. dxc5 Bxe5 26. Rc1 Bd7 27. Nb5 e6 28. d6 Bc6 29. Rcf1 Bxe4 30. Rxf7 Bf5 31. R7xf5 1-0